El Ministro de Educación Nacional visita la Universidad Industrial
Colección:
San Jorge,
; núm. 5 (gener 1952), pàg 46
Materias:
Ruiz-Giménez, Joaquín, -- 1913-2009
; Escola Industrial de Barcelona
; Visites oficials -- Barcelona (Catalunya)
Idioma:
Español
MARC
| LEADER | 00000nam a2200000Ia 4500 | ||
|---|---|---|---|
| 003 | Arxiu | ||
| 005 | 20260324181024.0 | ||
| 008 | 160829s1952 spc xx s spa c | ||
| 040 | |a agdb | ||
| 245 | 0 | 3 | |a El Ministro de Educación Nacional visita la Universidad Industrial |
| 490 | |a San Jorge, |v núm. 5 (gener 1952), pàg 46 | ||
| 600 | 1 | 0 | |a Ruiz-Giménez, Joaquín, |d 1913-2009 |9 54249 |
| 610 | 2 | 0 | |a Escola Industrial de Barcelona |9 54682 |
| 650 | 0 | |a Visites oficials |z Barcelona (Catalunya) |9 31008 | |
| 773 | |g Núm. 5 (gener 1952), pàg 46 |t San Jorge. | ||
| 901 | |a Arxiu | ||
| 942 | |n 1 |2 udc |c ART | ||
| 952 | |0 0 |1 0 |4 0 |6 REV508 |7 1 |9 64610 |a Arxiu |b Arxiu |d 2022-12-02 |l 0 |o Rev-508 |r 2022-12-02 00:00:00 |w 2022-12-02 |y ARXIU |z També disponible a Rev-521 | ||
| 999 | |c 43808 |d 43808 | ||